Healing experiences through hypnosis and past life regression / (Record no. 144344)

MARC details
000 -LEADER
fixed length control field 00573nam a22001697a 4500
010 ## - LCCN (DPL NO)
LC control number ENG-120544
020 ## - INTERNATIONAL STANDARD BOOK NUMBER
Terms of availability 181.00
International Standard Book Number 8906043770011
035 ## - SYSTEM CONTROL NUMBER
System control number EN-104076
037 ## - SOURCE OF ACQUISITION
Source of stock number/acquisition DBAD/PUB
082 ## - DEWEY DECIMAL CLASSIFICATION NUMBER
Classification number 615.8512
100 ## - MAIN ENTRY--PERSONAL NAME
Personal name Ezekiel, Moses
245 ## - TITLE STATEMENT
Title Healing experiences through hypnosis and past life regression /
Statement of responsibility, etc by Moses Ezekiel
260 ## - PUBLICATION, DISTRIBUTION, ETC. (IMPRINT)
Place of publication, distribution, etc Mumbai
Name of publisher, distributor, etc Ketaki Prakashan
Date of publication, distribution, etc 201?
270 ## - ADDRESS
City Mumbai
Address Ajay Deep House,22- Second Floor, 240 Perin Nariman Street Fort,
Postal code 400001
300 ## - PHYSICAL DESCRIPTION
Extent 163p. :
Other physical details 20cm(pbk).
Dimensions ill.
942 ## - ADDED ENTRY ELEMENTS (KOHA)
Source of classification or shelving scheme Dewey Decimal Classification
Item type English Books
Classification part 615.8512
Call number suffix EZE
Holdings
Withdrawn status Lost status Not for loan Collection code Home library Current library Date acquired Source of acquisition Cost, normal purchase price Full call number Barcode Copy number Cost, replacement price Koha item type
      Non-fiction Shahdara Branch Shahdara Branch 12/09/2017 DBAD/PUB 181.00 615.8512 EZE EN-104076 1 181.00 English Books

© Delhi Public Library
Hit Counter
free hit counter